000 00446nab a2200145Ia 4500
003 ES-SlBCS
005 20210601130230.0
008 140529s1992 xxu||||| |||| 00| 0 fre d
041 _afre
100 1 _aMacklin, Ruth
_953380
245 0 0 _aTechniques de reproduction articielle et définition de la famille
_c Ruth Macklin
650 0 4 _aReproducción Artificial
_9152541
773 0 _tEsprit
_gnº. 178, 1992, págs. 98-111
_wRev1438
942 _cAR
999 _c543226
_d543226